Statystyki dla Stolice Europa/Azja

Kliknij tutaj aby rozwiązać quiz!

Ogólne statystyki

  • Ten quiz został rozwiązany 28 razy
  • Średni wynik to 5 z 6

Statystyki odpowiedzi

PaństwoStolica% Poprawnych
TurcjaAnkara
100%
CyprNikozja
96%
AzerbejdżanBaku
85%
GruzjaTbilisi
85%
KazachstanAstana
78%
ArmeniaErywań
70%

Rozkład punktacji

Percentyl według liczby udzielonych odpowiedzi

Procent ludzi z każdym wynikiem

Twoja historia wyników

Nie rozwiązałeś tego quizu